000 00550nam a22002057a 4500
003 OSt
005 20140310182834.0
008 130605t xxu||||| |||| 00| 0 eng d
022 _20201173611
050 _aQH 301
_b.Es78 1996
082 _aM 574
_bEs8 1996
245 _aBiology /
_cEssenfeld, Bernice
260 _aCalifornia :
_bAddison-Wesley Publishing Company
_c1996.
300 _axxiii, 952 p. :
_bill. ;
_c23 cm.
521 _acollege students
526 _c1210L-1700L
541 _j1
562 _e1
942 _2lcc
_cBK
_kM
999 _c16714
_d16714